00630nam a2200193Ia 4500008004100000020001400041082001500055100002400070245003500094250000700129260004500136300002900181500001900210600002100229650005000250942000700300952011400307999001500421240925s9999 xx 000 0 und d a131256343 a005.14 WIL aWilson ,Rodney C. 0aUnix Test Tools and Benchmarks aNA aNew Jersey:bPrintice- Hall Int.c,1995. axvii,206p.bNAfOriginal aIncludes Index aComputer Science aComputer science, information & general works cBK 001040708CSaUITUbUITUd2000-07-28eNAg195.00l0o005.14 WILpQ2645r2024-09-25 07:12:52w2024-09-25yBK c5144d5144